00676nam a2200229Ia 4500003000400000005001700004008004100021020001400062040000700076041000800083082001500091100003500106245003000141260003500171300001500206365001300221650002500234906001800259942001200277999001900289952013800308OSt20230425092247.0210423s2002 xx 000 0 und d a748404309 cAL aeng a660.6 SCHH aSCHMANDER (Hans Peter).992234 aMethods in biotechnology. aLondonbTaylor & Francisc2002 aix,257bPB b495cINR aBiotechnology992235 abiotechnology 2ddccBK c162592d162592 001040708BTaSACPGbSACPGd2003-04-24eGangarams Book Bureaug495.00l0o660.6 SCHHpPG009085r2022-08-24 00:00:00w2021-04-26yBK